Global journal of emerging market economies (Record no. 26510)
[ view plain ]
| 000 -LEADER | |
|---|---|
| fixed length control field | 00627nam a22001817a 4500 |
| 005 - DATE AND TIME OF LATEST TRANSACTION | |
| control field | 20090518112242.0 |
| 008 - FIXED-LENGTH DATA ELEMENTS--GENERAL INFORMATION | |
| fixed length control field | 090518t xxu||||| |||| 00| 0 eng d |
| 022 ## - INTERNATIONAL STANDARD SERIAL NUMBER | |
| International Standard Serial Number | 0974-9101 |
| 040 ## - CATALOGING SOURCE | |
| Original cataloging agency | dpl |
| 245 ## - TITLE STATEMENT | |
| Title | Global journal of emerging market economies |
| 260 ## - PUBLICATION, DISTRIBUTION, ETC. (IMPRINT) | |
| Place of publication, distribution, etc | New Delhi |
| Name of publisher, distributor, etc | Sage Publications |
| Date of publication, distribution, etc | 2009- |
| 300 ## - PHYSICAL DESCRIPTION | |
| Extent | v. |
| Dimensions | 24 cm |
| 310 ## - CURRENT PUBLICATION FREQUENCY | |
| Current publication frequency | Three times in year, Jan, May, Sep. |
| 270 ## - ADDRESS | |
| Address | B1/1-1, Mohan Cooperative Industrail Area, Mathura Road |
| City | New Delhi |
| Postal code | 110044 |
| 365 ## - TRADE PRICE | |
| Price amount | Rs. 960.00 per annum |
| 942 ## - ADDED ENTRY ELEMENTS (KOHA) | |
| Source of classification or shelving scheme | Dewey Decimal Classification |
| Item type | Periodicals |
| Serial record | 1 |
| Withdrawn status | Lost status | Source of classification or shelving scheme | Damaged status | Not for loan | Collection code | Home library | Current library | Date acquired | Total Checkouts | Date last seen | Price effective from | Koha item type |
|---|---|---|---|---|---|---|---|---|---|---|---|---|
| Dewey Decimal Classification | Not For Loan | Non-fiction | D.B.Act.Division | D.B.Act.Division | 18/05/2009 | 18/05/2009 | 18/05/2009 | Periodicals |
